Top 100 prénoms filles nées en 1977 - Statistiques

Statistiques générales
  • Ce quiz a été pris 309 fois
  • Le résultat moyen est 44 sur 100
Statistiques - réponses
Classement Première lettre Réponse % Correct
67 A-S Anne-Sophie
86%
15 M Marie
86%
8 S Sophie
85%
21 A Anne
78%
78 M-L Marie-Laure
77%
3 S Sandrine
77%
92 A-L Anne-Laure
76%
18 V Valérie
76%
48 L Laure
74%
13 I Isabelle
73%
35 J Julie
73%
11 K Karine
73%
1 S Stéphanie
73%
5 N Nathalie
72%
23 S Sylvie
70%
14 C Caroline
69%
29 V Véronique
68%
44 C Christine
67%
32 H Hélène
65%
34 C Catherine
64%
2 C Céline
63%
4 V Virginie
62%
98 C Christel
61%
33 L Laurence
60%
28 F Florence
59%
51 P Patricia
59%
64 S Sarah
59%
12 S Sandra
57%
27 C Carole
56%
83 C Charlotte
56%
19 A Aurélie
54%
7 D Delphine
54%
41 C Claire
53%
55 C Corinne
52%
16 A Audrey
51%
54 E Emilie
51%
86 A Amélie
50%
56 B Béatrice
50%
9 C Christelle
50%
94 M Maria
50%
69 M Marion
50%
30 C Carine
49%
17 C Cécile
49%
91 A Alice
47%
49 E Elodie
47%
6 S Séverine
46%
26 A Alexandra
45%
50 F Fabienne
45%
42 F Fanny
45%
95 M Mathilde
45%
24 V Vanessa
45%
39 G Gaëlle
43%
31 E Emmanuelle
42%
40 M Mélanie
41%
36 S Sabrina
41%
96 E Elise
39%
37 E Estelle
38%
22 M Magali
37%
25 S Sonia
37%
10 L Laëtitia
36%
74 A Aline
35%
100 C Coralie
35%
47 G Géraldine
35%
63 F Frédérique
34%
53 S Sabine
34%
46 M Myriam
33%
38 N Nadia
33%
20 A Angélique
32%
88 A Adeline
31%
62 E Elisabeth
31%
84 J Jessica
31%
43 N Nadège
31%
70 M Muriel
30%
97 M Marianne
29%
65 A Aurore
28%
75 M Marina
28%
73 M Maud
28%
60 A Aude
27%
59 C Cindy
27%
90 J Jennifer
27%
68 L Ludivine
27%
66 A Agnès
26%
80 B Bénédicte
23%
57 N Natacha
23%
85 R Rachel
22%
89 B Barbara
20%
71 K Katia
20%
72 S Sylvia
20%
93 A Annabelle
18%
58 M Magalie
18%
52 I Ingrid
16%
79 C Cathy
14%
81 G Gwenaëlle
14%
82 N Nelly
14%
61 L Linda
12%
76 L Lydie
12%
77 M Marjorie
12%
87 M Maryline
11%
45 P Peggy
7%
99 F Fatima
5%
Aucun quiz correspondant
Distribution des résultats
% des personnes avec chaque résultat
Percentile par nombre de réponses
Votre historique - résultats
Vous n’avez pas pris ce quiz